000 00468nam a2200145Ia 4500
008 100204s9999 xx 000 0 und d
082 _b16800
100 _aबेलसरे के. वि.
245 _aआनंद साधना
260 _bबुकसेलर्स पब्लिशिंग कं. मुंबई
_c1983 3
300 _a156
630 _aआनंद साधना
730 _aआनंद साधना
942 _cBOOK
999 _c461223
_d461220